鉄緑会の指定校 - Statistics

General Stats
  • This quiz has been taken 97 times
  • The average score is 11 of 15
Answer Stats
Answer % Correct
開成中学校
96%
麻布中学校
89%
桜蔭中学校
87%
筑波大学附属駒場中学校
84%
渋谷教育学園幕張中学校
82%
渋谷教育学園渋谷中学校
80%
海城中学校
73%
女子学院中学校
73%
筑波大学附属中学校
69%
駒場東邦中学校
67%
早稲田中学校
61%
聖光学院中学校
61%
豊島岡女子学園中学校
59%
雙葉中学校
57%
栄光学園中学校
55%
No matching quizzes found
Score Distribution
Percent of People with Each Score
Percentile by Number Answered
Your Score History
You have not taken this quiz